banner-ar

اللحام بالغاز / (Record no. 54813)

MARC details
000 -الفاتح
حقل البيانات ثابتة الطول 00500nam a2200169Ia 4500
008 - عناصر البيانات ثابتة الطول - معلومات عامة
حقل البيانات ثابتة الطول 140319s9999 xx 000 0 ara d
040 ## - مصدر الفهرسة
وكالة الفهرسة الأصلية GCL /
وكالة النسخ GCL
082 04 - رقم تصنيف ديوى العشرى
رقم التصنيف 671.522
رقم المادة ف ل
100 1# - المدخل الرئيسى - إسم شخصى
الإسم الشخصى فبليكس فوتكة
245 10 - بيان العنوان
العنوان اللحام بالغاز /
بيان المسئوليه,etc فبليكس فوتكة
700 1# - المدخل الاضافى - اسم شخصى
الإسم الشخصى حسن محمود اسماعيل
490 ## - بيان السلسلة
عنوان السلسلة الاسس التكنولوجية
رقم المجلد/ التعيين التسلسلي 0
650 04 - المدخل الاضافى بالموضوع-مصطلح موضوعى
مصطلح موضوعي اللحام
942 ## - عناصر المدخل الإضافي( كوها)
مصدر التصنيف او مخطط الترفيف Dewey Decimal Classification
Koha [default] item type كتاب
260 ## - PUBLICATION, DISTRIBUTION, ETC. (IMPRINT)
-- [S.N] :
-- مؤسسة الاهرام
Holdings
حالة التراجع حالة الفقد حالة تلف ليس للاعارة المكان المؤقت الموقع الحالى تاريخ الاكتساب اجمالي اﻻعارات رقم الطلب الباركود تاريخ اخر مشاهدة تاريخ تفعيل السعر نوع وعاء كوها
        مكتبة القاهرة الكبرى مكتبة القاهرة الكبرى 03/26/2014   671.522\ف ل 131775 03/26/2014 03/26/2014 كتاب
        مكتبة القاهرة الكبرى مكتبة القاهرة الكبرى 03/26/2014   671.522\ف ل 131776 03/26/2014 03/26/2014 كتاب
        مكتبة القاهرة الكبرى مكتبة القاهرة الكبرى 03/26/2014   671.522\ف ل 131777 03/26/2014 03/26/2014 كتاب
        مكتبة القاهرة الكبرى مكتبة القاهرة الكبرى 03/26/2014   671.522\ف ل 131778 03/26/2014 03/26/2014 كتاب
        مكتبة القاهرة الكبرى مكتبة القاهرة الكبرى 03/26/2014   671.522\ف ل 131779 03/26/2014 03/26/2014 كتاب
        مكتبة القاهرة الكبرى مكتبة القاهرة الكبرى 03/26/2014   671.522\ف ل 131780 03/26/2014 03/26/2014 كتاب

Powered By

EGPV